Unidad política muncipal de Baronía de Montbuy (Record no. 121577)

MARC details
000 -LEADER
campo de control de longitud fija 00626nam a2200169 4500
001 - NÚMERO DE CONTROL
campo de control 121577
003 - IDENTIFICADOR DE NÚMERO DE CONTROL
campo de control ES-MaACL
005 - FECHA Y HORA DE LA ÚLTIMA TRANSACCIÓN
campo de control 20250907063104.0
007 - CAMPO FIJO DE DESCRIPCIÓN FÍSICA--INFORMACIÓN GENERAL
campo de control de longitud fija t|
008 - DATOS DE LONGITUD FIJA--INFORMACIÓN GENERAL
campo de control de longitud fija 070214s1971 sp r ||||1| spa d
100 1# - ENTRADA PRINCIPAL--NOMBRE DE PERSONA
Nombre de persona Valdelomar, Jorge Plantada y Aznar,
Títulos y otros términos asociados al nombre Marqués de
9 (RLIN) 112483
245 10 - MENCIÓN DEL TÍTULO
Título Unidad política muncipal de Baronía de Montbuy
Resto del título : pleito por la independencia de la villa de San Feliú de Codinas : siglo XVII /
Mención de responsabilidad, etc. El Marqués de Valdelomar.
260 ## - PUBLICACIÓN, DISTRIBUCIÓN, ETC.
Lugar de publicación, distribución, etc. Madrid :
Nombre del editor, distribuidor, etc. Prensa Española,
Fecha de publicación, distribución, etc. 1971.
300 ## - DESCRIPCIÓN FÍSICA
Extensión 204 p., 5 lám. ;
Dimensiones 22 cm.
852 ## - LOCALIZACIÓN
Ubicación ES-MaACL
Número de control de estantería C-46823
Sublocalización o colección R.76602
Holdings
Estatus retirado Estado de pérdida Estado de daño No para préstamo Biblioteca de origen Biblioteca actual Ubicación en estantería Fecha de adquisición Fuente de adquisición Total de préstamos Signatura topográfica completa Código de barras Visto por última vez Precio de reemplazo Tipo de ítem Koha
        Biblioteca del Ateneo de Madrid Biblioteca del Ateneo de Madrid Depósito 2 17/01/2008     C-46823 1126700 23/02/2023 23/02/2023 Libro impreso